| 000 | 02685nam a2200373 a 4500 | ||
|---|---|---|---|
| 001 | ebr10288302 | ||
| 003 | CaPaEBR | ||
| 006 | m u | ||
| 007 | cr cn||||||||| | ||
| 008 | 081103s2009 enk sb 001 0deng | ||
| 010 | _z 2008046067 | ||
| 015 |
_aGBA8D6351 _2bnb |
||
| 016 | 7 |
_z014844755 _2Uk |
|
| 020 | _z9780199563555 (alk. paper) | ||
| 020 | _z0199563551 (alk. paper) | ||
| 040 |
_aCaPaEBR _cCaPaEBR |
||
| 035 | _a(OCoLC)649856077 | ||
| 050 | 1 | 4 |
_aBR1720.J5 _bC25 2009eb |
| 082 | 0 | 4 |
_a270.2092 _222 |
| 100 | 1 | _aCain, Andrew. | |
| 245 | 1 | 4 |
_aThe letters of Jerome _h[electronic resource] : _basceticism, biblical exegesis, and the construction of Christian authority in late antiquity / _cAndrew Cain. |
| 260 |
_aOxford ; _aNew York : _bOxford University Press, _c2009. |
||
| 300 | _axiv, 286 p. | ||
| 490 | 1 | _aOxford early Christian studies | |
| 504 | _aIncludes bibliographical references (p. [229]-272) and indexes. | ||
| 505 | 0 | _aIntroduction -- 'The voice of one calling in the desert' -- Epistularum ad diversos liber : structure and contents -- Hieronymus eremita : the textualized 'saint' -- Rhetoric and reproach -- An ascetic conversion story in letters -- Introducing ... Jerome -- A pope and his scholar -- Jerome on Damasus on Jerome : revisionist reminiscences --The great commission --The correspondence : 'Hebrew verity' and Ambrosiaster -- Claiming Marcella -- Ad Marcellam epistularum liber : structure and contents -- Hagiography, hermeneutics, Hebrew, and heretics -- Sealing a spiritual and scholarly legacy -- Expulsion from Rome -- Theological controversy -- The gathering storm : Blesilla's death -- The beginning of the end -- The 'disgrace of a false charge' -- Paula's seducer? -- The case against Jerome : trial and conviction -- Exile of a prophet -- The embattled ascetic saga -- Jerome's personal, theological, and ecclesiastical profiles -- Jerome's spiritual advice -- Legitimization -- The exegetical letters -- Remembering Fabiola, defending Hebrew verity -- From Bethlehem to the furthest reaches of Gaul -- Ep . 120 to Hedibia (Bordeaux) -- Ep . 121 to Algasia (Cahors?) -- Cultivated image. | |
| 533 |
_aElectronic reproduction. _bPalo Alto, Calif. : _cebrary, _d2013. _nAvailable via World Wide Web. _nAccess may be limited to ebrary affiliated libraries. |
||
| 600 | 0 | 0 |
_aJerome, _cSaint, _dd. 419 or 20. _tCorrespondence. |
| 650 | 0 |
_aChristian saints _vCorrespondence. |
|
| 655 | 7 |
_aElectronic books. _2local |
|
| 710 | 2 | _aebrary, Inc. | |
| 830 | 0 | _aOxford early Christian studies. | |
| 856 | 4 | 0 |
_uhttp://site.ebrary.com/lib/rucke/Doc?id=10288302 _zAn electronic book accessible through the World Wide Web; click to view |
| 999 |
_c980 _d980 |
||